000 00939nam a22002777a 4500
003 OSt
005 20210818181609.0
008 170401t2016 ck ade|fr|||| 000 0 spa d
020 _a9789587222616
040 _bspa
041 _aspa
082 0 4 _a301.072
_bL864i
100 1 _aLópez Isaza, Giovanni Arturo
_950147
245 1 _aInnovación. Trama de decisiones
_cGiovanni Arturo López Isaza
260 _aPereira
_bUniversidad Tecnológica de Pereira
_c2016
300 _a195 páginas,
_bilustraciones
490 _aColección Trabajos de Investigación
650 0 _aInnovación
_950148
650 0 _aTeoria de Sistemas
_936885
650 0 _aPensamiento Educativo
_950149
650 0 _aComplejidad (Filosofia)
_945041
650 0 _aToma de Decisiones
_950150
650 0 _aSistemas Sociales
_950151
650 0 _932163
_aCibernética
_vAspectos Sociales
942 _2ddc
_h301.072 L864i
_k301.072
_mL864i
999 _c11432
_d11432